000 01059cab a2200181 4500
001 ##L132102
008 060110n2006 000 0 eng u
035 _a(Sirsi) u132102
041 0 _aeng
100 1 _aShirley, Andrew
245 0 0 _aProperty sales set to continue slow recovery
260 _c2006
490 0 _aFarmers' Weekly
_v144(1) 6 January 2006, 22-23(2)
520 _aUses Strutt and Parker's detailed property database to analyse the land market in 2005. Shows the increase in property sales in 2005 and the continued rise in land values. Residential or lifestyle buyers of farm property still played an active role in the 2005 market. Includes a forecast of the market in 2006 by James Laing, Strutt and Parker's head of farm sales who predicts a significant increase of supply. Tables and graphs cover land supply, farmland and residential property, land prices 1997-2004, whole farm values and status of land sales 2005.
590 _aIKA170106
690 _aPROPERTY-RURAL AND NATURAL ASSETS-RURAL AND NATURAL ASSET MARKET
942 _n0
999 _c76323
_d76323